Ob ekonomičeskoj ocenke effektivnosti upravlenčeskich rešenij.

Výber najlepšieho variantu oceňovania ekonomickej efektívnosti riadiacich rozhodnutí závisí nielen od procedúry oceňovania, ale aj od spôsobov výpočtu ukazovateľov oceňovania. Rozpracovanie nových spôsobov oceňovania ekonomickej efektívnosti riadiacich rozhodnutí a sformovanie všeobecných pravidiel...

Descripción completa

Guardado en:
Detalles Bibliográficos
Autor principal: Radčenko, Ja
Formato: Capítulo de libro
Lenguaje:ruso
Materias:
Etiquetas: Agregar Etiqueta
Sin Etiquetas, Sea el primero en etiquetar este registro!

MARC

LEADER 00000naa a2200000 4500
001 r006017
005 20221130102918.7
041 0 |a rus 
044 |a [SU] 
245 1 0 |a Ob ekonomičeskoj ocenke effektivnosti upravlenčeskich rešenij.  |c Ja. Radčenko 
520 |a Výber najlepšieho variantu oceňovania ekonomickej efektívnosti riadiacich rozhodnutí závisí nielen od procedúry oceňovania, ale aj od spôsobov výpočtu ukazovateľov oceňovania. Rozpracovanie nových spôsobov oceňovania ekonomickej efektívnosti riadiacich rozhodnutí a sformovanie všeobecných pravidiel tohto oceňovania týkajúcich sa oceňovacích ukazovateľov, ich diferenciácie, výberu oceňovacích funkcií v hierarchickom systéme, úlohy "hospodára" v efektívnom riadení. 
610 2 0 |a oceňovanie ekonomické 
610 2 0 |a efektívnosť ekonomická 
610 2 0 |a rozhodovanie 
610 2 0 |a riadenie 
610 2 0 |a ukazovatele efektívnosti 
100 1 |a Radčenko, Ja.